000 00820nam a2200289Ia 4500
003 OSt
005 20221006153601.0
006 a|||||r|||| 00| 0
007 ta
008 221006b |||||||| |||| 00| 0 eng d
020 _a0340867000
024 _a32,770
037 _bGift, Korean Embassy
_cTextual
040 _aEASL
_cEASL
_beng
041 _2eng
_aeng
082 _aP495:33, N7
100 _aYeon Jaehoon Au.
_9664511
245 0 _aTeach yourself
_b Korean
260 _aUSA
_bContemporary Books
_c2003
300 _a265p.
_ccm.
490 _v KEL
650 _a Grammar
650 _aConversation-Dialogues
_9664512
700 _a Vincent Mark Au.
_9664513
942 _hP495:33, N7
_cTEXL
_2CC
999 _c1100856
_d1100856